[Event "Subotica City-ch"]
[Site "Subotica"]
[Date "2019.03.06"]
[Round "5"]
[White "Vadoc, Karolj"]
[Black "Gabric, Blasko"]
[Result "1-0"]
[WhiteElo "1911"]
[BlackElo "1409"]
[PlyCount "59"]
[EventDate "2019.02.25"]
[EventType "swiss"]
[EventRounds "9"]
[EventCountry "SRB"]
[SourceTitle "CBM 189 Extra"]
[Source "ChessBase"]
[SourceDate "2019.06.03"]
[SourceVersion "1"]
[SourceVersionDate "2019.06.03"]
[SourceQuality "1"]

1. e4 e5 2. Nf3 Nc6 3. Bb5 d6 4. 0-0 h6 5. d4 Qe7 6. d5 a6 7. Bxc6+ bxc6 8. dxc6 f5 9. Nc3 Nf6 10. Re1 Rb8 11. Nh4 Ng4 12. g3 Qf7 13. f3 g5 14. Nxf5 Nf6 15. Ne3 Rb6 16. Ned5 Rxc6 17. Be3 a5 18. Qd2 Ra6 19. Rad1 Be7 20. Nxc7+ Kd7 21. Nxa6 Bxa6 22. Kg2 g4 23. f4 Qh5 24. fxe5 Qxe5 25. Bf4 Qc5 26. Qd4 Qc6 27. Bxd6 Ke6 28. Bxe7 Kxe7 29. Qe5+ Kf7 30. Rd6 1-0

[Event "Subotica City-ch"]
[Site "Subotica"]
[Date "2019.03.01"]
[Round "3"]
[White "Sijan, Branko"]
[Black "Gabric, Blasko"]
[Result "1-0"]
[WhiteElo "1753"]
[BlackElo "1409"]
[PlyCount "71"]
[EventDate "2019.02.25"]
[EventType "swiss"]
[EventRounds "9"]
[EventCountry "SRB"]
[SourceTitle "CBM 189 Extra"]
[Source "ChessBase"]
[SourceDate "2019.06.03"]
[SourceVersion "1"]
[SourceVersionDate "2019.06.03"]
[SourceQuality "1"]

1. e4 e5 2. Nf3 Nc6 3. Bc4 h6 4. d4 d6 5. dxe5 Nxe5 6. Nxe5 dxe5 7. Bxf7+ Ke7 8. Qxd8+ Kxd8 9. 0-0 Nf6 10. f3 Bc5+ 11. Kh1 Rf8 12. Bg6 Be6 13. Nc3 a6 14. Rd1+ Ke7 15. Nd5+ Nxd5 16. exd5 Bd7 17. c4 Rf6 18. Be4 b5 19. d6+ cxd6 20. Bxa8 bxc4 21. Bd5 Be6 22. Bxe6 Kxe6 23. a3 d5 24. Bd2 d4 25. Bb4 Bb6 26. Rac1 Kd5 27. Kg1 a5 28. Be1 a4 29. Bf2 Rc6 30. Kf1 Ba5 31. f4 Bc7 32. g3 d3 33. fxe5 Bxe5 34. Rd2 Rf6 35. Ke1 Rb6 36. Bxb6 1-0